Statistiques concernant Top 15 des pays avec les décès de Covid-19 - 4 mai 2021

Cliquez ici pour prendre le quiz!

Statistiques générales

  • Ce quiz a été pris 31 fois
  • Le résultat moyen est 15 sur 24

Statistiques - réponses

pays% Correct
France
96%
Italie
96%
Etats-Unis
93%
Russie
93%
Allemagne
89%
Brésil
89%
Espagne
89%
Inde
89%
Royaume-Uni
82%
Mexique
79%
Argentine
75%
Pologne
64%
Colombie
57%
Pérou
57%
Iran
54%
Belgique
50%
Hongrie
32%
Tchèquie
32%
Slovaquie
29%
Bosnie-Herzégovine
25%
Croatie
25%
Macédoine du Nord
25%
Slovénie
21%
Bulgarie
14%

Distribution des résultats

Percentile par nombre de réponses

% des personnes avec chaque résultat

Votre développement - résultats

Vous n’avez pas pris ce quiz